[Event "HUN-chT2 Barcza 1718"]
[Site "Hungary"]
[Date "2018.03.25"]
[Round "10.1"]
[White "Becskei, Zoltan"]
[Black "Cselenyi, Balazs"]
[Result "0-1"]
[WhiteElo "2261"]
[BlackElo "2149"]
[PlyCount "104"]
[EventDate "2017.09.24"]
[EventType "team-tourn"]
[EventRounds "11"]
[EventCountry "HUN"]
[SourceTitle "EXT 2021"]
[Source "ChessBase"]
[SourceDate "2020.10.23"]
[SourceVersion "1"]
[SourceVersionDate "2020.10.23"]
[SourceQuality "1"]
[WhiteTeam "Mezokovesd"]
[BlackTeam "Debrecen Sakkbaratok"]
[WhiteTeamCountry "HUN"]
[BlackTeamCountry "HUN"]

1. d4 Nf6 2. c4 g6 3. Nc3 Bg7 4. e4 d6 5. Nge2 0-0 6. Ng3 c6 7. Be2 Nbd7 8. h4 h5 9. Bg5 Qc7 10. Qd2 e5 11. d5 cxd5 12. cxd5 a5 13. Rc1 Nc5 14. Nb5 Qd7 15. f3 b6 16. Na3 Ba6 17. Nc4 Bxc4 18. Rxc4 b5 19. Rc1 Qb7 20. Nf1 Rfc8 21. Be3 Nfd7 22. Rg1 Nf6 23. Nh2 Kh7 24. g4 b4 25. Bg5 Nfxe4 26. fxe4 Nxe4 27. Qd3 Nxg5 28. Rxc8 e4 29. Qd2 Rxc8 30. hxg5 Be5 31. Nf1 h4 32. Rh1 Rc5 33. Ne3 Kg8 34. Kf1 Bf4 35. Kg2 Bxg5 36. Qd4 Bxe3 37. Qxe3 Qxd5 38. Rxh4 Rc2 39. Kh3 Qe5 40. Qa7 Qe8 41. Bb5 Qf8 42. Qd4 Qg7 43. Qxe4 Rc8 44. Bc4 Qf6 45. b3 d5 46. Qxd5 Rd8 47. Qg2 Qc3+ 48. Qg3 Rd1 49. Bxf7+ Kg7 50. Qxc3+ bxc3 51. b4 c2 52. Bb3 Rd3+ 0-1

[Event "HUN-chT2 Barcza 1718"]
[Site "Hungary"]
[Date "2018.01.28"]
[Round "7.1"]
[White "Cselenyi, Balazs"]
[Black "Borsos, Bogdan"]
[Result "1/2-1/2"]
[WhiteElo "2150"]
[BlackElo "2325"]
[PlyCount "28"]
[EventDate "2017.09.24"]
[EventType "team-tourn"]
[EventRounds "11"]
[EventCountry "HUN"]
[SourceTitle "EXT 2021"]
[Source "ChessBase"]
[SourceDate "2020.10.23"]
[SourceVersion "1"]
[SourceVersionDate "2020.10.23"]
[SourceQuality "1"]
[WhiteTeam "Debrecen Sakkbaratok"]
[BlackTeam "Kazincbarcika"]
[WhiteTeamCountry "HUN"]
[BlackTeamCountry "HUN"]

1. d4 e6 2. c4 d5 3. Nf3 c6 4. cxd5 exd5 5. Nc3 Bf5 6. Bg5 Be7 7. Bxe7 Nxe7 8. e3 Qb6 9. Qd2 Nd7 10. Bd3 0-0 11. 0-0 Rfe8 12. Rab1 a5 13. Rfc1 Bxd3 14. Qxd3 Qa6 1/2-1/2

[Event "HUN-chT2 Barcza 1516"]
[Site "Hungary"]
[Date "2015.09.13"]
[Round "1.3"]
[White "Kun, Imre"]
[Black "Cselenyi, Balazs"]
[Result "1-0"]
[WhiteElo "1947"]
[BlackElo "2205"]
[PlyCount "113"]
[EventDate "2015.09.13"]
[EventType "team-tourn"]
[EventRounds "11"]
[EventCountry "HUN"]
[SourceTitle "CBM 170 Extra"]
[Source "ChessBase"]
[SourceDate "2016.02.25"]
[SourceVersion "1"]
[SourceVersionDate "2016.02.25"]
[SourceQuality "1"]
[WhiteTeam "Nadudvar"]
[BlackTeam "Debrecen Sakkbaratok"]
[WhiteTeamCountry "HUN"]
[BlackTeamCountry "HUN"]

1. c4 e5 2. Nc3 d6 3. e3 f5 4. d4 e4 5. b3 Nf6 6. Bb2 Nc6 7. Nh3 Be7 8. Nf4 0-0 9. Be2 a6 10. Qd2 Bd7 11. a3 Qe8 12. c5 dxc5 13. dxc5 Bxc5 14. Ncd5 Bd6 15. Bxf6 gxf6 16. 0-0 Kh8 17. Rad1 Rd8 18. Bh5 Qe5 19. b4 Be6 20. Qc2 Bf7 21. Bxf7 Rxf7 22. Qc4 Qe8 23. Qe2 Ne5 24. Nh5 Nd3 25. g3 Be5 26. Ndf4 Rfd7 27. Nxd3 Rxd3 28. Nf4 Bxf4 29. exf4 Kg7 30. Qc2 c6 31. a4 R8d5 32. Rxd3 Rxd3 33. Re1 Qd7 34. Qc5 Rd5 35. Qc3 Rd2 36. Qc5 Rd5 37. Qc3 Qd6 38. Qb3 Rd3 39. Qb2 Qd5 40. Qc2 e3 41. Qe2 exf2+ 42. Qxf2 Rd2 43. Re2 Rd1+ 44. Re1 Rxe1+ 45. Qxe1 Qd4+ 46. Kf1 Qe4 47. Qxe4 fxe4 48. f5 Kh6 49. g4 Kg5 50. h3 h5 51. gxh5 Kxf5 52. h4 Ke6 53. Kf2 f5 54. Ke3 b6 55. Kf4 Kf6 56. Ke3 c5 57. a5 1-0

[Event "Hajduszoboszlo op 19th"]
[Site "Hajduszoboszlo"]
[Date "2014.06.29"]
[Round "7"]
[White "Mitlasovszki, Imre"]
[Black "Cselenyi, Balazs"]
[Result "0-1"]
[WhiteElo "1981"]
[BlackElo "2190"]
[PlyCount "92"]
[EventDate "2014.06.25"]
[EventType "swiss"]
[EventRounds "7"]
[EventCountry "HUN"]
[SourceTitle "CBM 161 Extra"]
[Source "ChessBase"]
[SourceDate "2014.08.29"]
[SourceVersion "1"]
[SourceVersionDate "2014.08.29"]
[SourceQuality "1"]

1. e4 c5 2. d4 cxd4 3. c3 d3 4. Bxd3 Nc6 5. c4 e6 6. Nf3 Qc7 7. 0-0 Nf6 8. Nc3 a6 9. Bg5 Bb4 10. Rc1 Bxc3 11. Rxc3 b6 12. Qe2 Ng4 13. Qd2 h6 14. Bh4 e5 15. Bg3 0-0 16. Nh4 d6 17. f3 Nf6 18. Bf2 Be6 19. Be3 Nh7 20. Nf5 Bxf5 21. exf5 f6 22. Be4 Kh8 23. Rd1 Rfd8 24. Rd3 Rac8 25. Rxd6 Nd4 26. Rxd8+ Rxd8 27. Bd5 Nxf5 28. Bf2 Ne7 29. Qb4 Rd6 30. Be3 Nf8 31. Kf2 Nd7 32. a4 Nf5 33. Rd2 Nxe3 34. Kxe3 Nc5 35. Qa3 Qd7 36. a5 Qf5 37. axb6 Qg5+ 38. f4 Qxf4+ 39. Ke2 Ne4 40. Qe3 Qxe3+ 41. Kxe3 Nxd2 42. c5 Rxd5 43. b7 Nc4+ 44. Ke2 Rd2+ 45. Kf3 Rxb2 46. c6 Nd6 0-1

[Event "HUN-chT2 Maroczy 1314"]
[Site "Hungary"]
[Date "2014.04.13"]
[Round "10"]
[White "Cselenyi, Balazs"]
[Black "Radnai, Adam"]
[Result "0-1"]
[WhiteElo "2199"]
[BlackElo "2313"]
[PlyCount "74"]
[EventDate "2013.09.08"]
[EventType "team-tourn"]
[EventRounds "11"]
[EventCountry "HUN"]
[SourceTitle "EXT 2016"]
[Source "ChessBase"]
[SourceDate "2015.10.08"]
[SourceVersion "1"]
[SourceVersionDate "2015.10.08"]
[SourceQuality "1"]
[WhiteTeam "Debrecen SBK"]
[BlackTeam "Szigetszentmiklos"]
[WhiteTeamCountry "HUN"]
[BlackTeamCountry "HUN"]

1. d4 Nf6 2. c4 c6 3. Nc3 d5 4. Nf3 dxc4 5. a4 Bf5 6. e3 e6 7. Bxc4 Bb4 8. 0-0 Nbd7 9. Qe2 Bg6 10. Bd2 0-0 11. Rac1 Re8 12. Ne5 Nxe5 13. dxe5 Nd7 14. f4 Nc5 15. g4 Bd3 16. Bxd3 Qxd3 17. Qxd3 Nxd3 18. Rb1 Red8 19. Rfd1 Nxb2 20. Rxb2 Bxc3 21. Rc2 Bb4 22. Kf2 Rd7 23. Rb2 a5 24. Ke2 Rad8 25. Bxb4 Rxd1 26. Bxa5 R8d7 27. Bb6 h5 28. gxh5 Kh7 29. Bc5 Ra1 30. Rb4 Ra2+ 31. Kf3 Rxh2 32. Kg4 Rc2 33. Bd6 f5+ 34. Kg3 Kh6 35. e4 g6 36. hxg6 Kxg6 37. a5 Ra2 0-1

[Event "HUN-chT2 Maroczy 1213"]
[Site "Hungary"]
[Date "2013.04.21"]
[Round "11"]
[White "Cselenyi, Balazs"]
[Black "Papp, Petra"]
[Result "1/2-1/2"]
[WhiteElo "2213"]
[BlackElo "2302"]
[PlyCount "37"]
[EventDate "2012.09.16"]
[EventType "team-tourn"]
[EventRounds "11"]
[EventCountry "HUN"]
[SourceTitle "EXT 2014"]
[Source "ChessBase"]
[SourceDate "2013.11.20"]
[SourceVersion "1"]
[SourceVersionDate "2013.11.20"]
[SourceQuality "1"]
[WhiteTeam "Debrecen"]
[BlackTeam "Roeszke"]
[WhiteTeamCountry "HUN"]
[BlackTeamCountry "HUN"]

1. d4 d5 2. c4 c6 3. Nf3 Nf6 4. Nc3 e6 5. e3 Nbd7 6. Qc2 Bd6 7. Be2 0-0 8. 0-0 dxc4 9. Bxc4 b5 10. Be2 Bb7 11. e4 e5 12. dxe5 Nxe5 13. Nxe5 Bxe5 14. Be3 Re8 15. Bf3 Qe7 16. Rfe1 Bxc3 17. Qxc3 Nxe4 18. Bxe4 Qxe4 19. Bxa7 1/2-1/2

[Event "HUN-chT2 Maroczy 1213"]
[Site "Hungary"]
[Date "2013.04.07"]
[Round "10"]
[White "Farago, Sandor"]
[Black "Cselenyi, Balazs"]
[Result "1-0"]
[WhiteElo "2234"]
[BlackElo "2213"]
[PlyCount "57"]
[EventDate "2012.09.16"]
[EventType "team-tourn"]
[EventRounds "11"]
[EventCountry "HUN"]
[SourceTitle "EXT 2014"]
[Source "ChessBase"]
[SourceDate "2013.11.20"]
[SourceVersion "1"]
[SourceVersionDate "2013.11.20"]
[SourceQuality "1"]
[WhiteTeam "Taban Spartacus"]
[BlackTeam "Debrecen"]
[WhiteTeamCountry "HUN"]
[BlackTeamCountry "HUN"]

1. e4 c5 2. Nf3 a6 3. d4 cxd4 4. Nxd4 Nf6 5. Nc3 e5 6. Nf3 Bb4 7. Bd2 0-0 8. Bd3 d5 9. Nxd5 Nxd5 10. exd5 Bxd2+ 11. Nxd2 Qxd5 12. 0-0 Nc6 13. Qh5 h6 14. f4 Qd4+ 15. Kh1 exf4 16. Rae1 Be6 17. Ne4 Nb4 18. Rxf4 Nxd3 19. cxd3 Qd5 20. Qh4 Kh8 21. Rf6 h5 22. Ng5 g6 23. Ref1 Rae8 24. h3 Qxd3 25. Qf4 Qd5 26. Nxe6 Rxe6 27. Rxf7 Rxf7 28. Qxf7 Qd6 29. Rc1 1-0

[Event "HUN-chT2 Maroczy 1213"]
[Site "Hungary"]
[Date "2012.12.02"]
[Round "5"]
[White "Papp, Gellert"]
[Black "Cselenyi, Balazs"]
[Result "1-0"]
[WhiteElo "2337"]
[BlackElo "2213"]
[PlyCount "73"]
[EventDate "2012.09.16"]
[EventType "team-tourn"]
[EventRounds "11"]
[EventCountry "HUN"]
[SourceTitle "EXT 2014"]
[Source "ChessBase"]
[SourceDate "2013.11.20"]
[SourceVersion "1"]
[SourceVersionDate "2013.11.20"]
[SourceQuality "1"]
[WhiteTeam "Hobagoly"]
[BlackTeam "Debrecen"]
[WhiteTeamCountry "HUN"]
[BlackTeamCountry "HUN"]

1. e4 c5 2. Nf3 e6 3. d4 cxd4 4. Nxd4 a6 5. Nc3 Qc7 6. g3 Nf6 7. Bg2 Nc6 8. 0-0 Bb4 9. Nde2 b5 10. Bf4 e5 11. Bg5 Ne7 12. a4 Rb8 13. axb5 axb5 14. Qd3 Qc4 15. Qf3 Qe6 16. Rfd1 Bxc3 17. Nxc3 b4 18. Nd5 Nfxd5 19. exd5 Qd6 20. Ra5 f6 21. Be3 Qc7 22. Rc5 Qd6 23. Ra5 Qc7 24. Ra7 Qd6 25. Qe4 Rb7 26. Qc4 Rxa7 27. Bxa7 Ba6 28. Qc5 Qxc5 29. Bxc5 Kf7 30. Bxb4 Rb8 31. Ba3 f5 32. d6 Nc8 33. Rd5 Ke6 34. f4 Rb5 35. c4 Rxd5 36. Bxd5+ Kf6 37. Bc5 1-0

[Event "HUN-chT2 Barcza 1112 "]
[Site "Hungary"]
[Date "2011.11.13"]
[Round "3"]
[White "Kovacs, Marton"]
[Black "Cselenyi, Balazs"]
[Result "1/2-1/2"]
[WhiteElo "2150"]
[BlackElo "2210"]
[PlyCount "137"]
[EventDate "2011.09.25"]
[EventType "team-tourn"]
[EventRounds "11"]
[EventCountry "HUN"]
[SourceTitle "EXT 2013"]
[Source "ChessBase"]
[SourceDate "2012.11.22"]
[SourceVersion "1"]
[SourceVersionDate "2012.11.22"]
[SourceQuality "1"]
[WhiteTeam "Hajduboszormeny"]
[BlackTeam "Debrecen Sakkbaratok"]
[WhiteTeamCountry "HUN"]
[BlackTeamCountry "HUN"]

1. d4 c5 2. c3 d5 3. dxc5 a5 4. c4 dxc4 5. Qxd8+ Kxd8 6. e4 e6 7. Bxc4 Bxc5 8. Nf3 Nf6 9. e5 Nfd7 10. 0-0 Nc6 11. Rd1 h6 12. h4 Ke7 13. Bf4 Nb6 14. b3 a4 15. Nc3 Ba3 16. Rab1 Na5 17. Bb5 axb3 18. axb3 Bb4 19. Ne4 Nd5 20. Bd2 Bxd2 21. Rxd2 Rd8 22. Nd6 f6 23. Bc4 Nb6 24. exf6+ gxf6 25. Rbd1 Bd7 26. Re2 e5 27. Nf7 Rf8 28. N7xe5 fxe5 29. Nxe5 Nbxc4 30. Nxd7+ Kf7 31. Nxf8 Nxb3 32. Rd3 Nbd2 33. Rexd2 Nxd2 34. Rxd2 Kxf8 35. Rd7 Ra1+ 36. Kh2 Rb1 37. Kg3 Rb4 38. Rh7 Rb6 39. f4 Kg8 40. Rd7 Rb2 41. h5 b5 42. Rb7 b4 43. Kh3 Rb1 44. Kg4 b3 45. Kf5 b2 46. Kg6 Kf8 47. Kxh6 Rf1 48. Rxb2 Rxf4 49. Kg5 Rc4 50. Rf2+ Kg7 51. g4 Rc5+ 52. Rf5 Rc1 53. h6+ Kh7 54. Rf7+ Kg8 55. Kg6 Rc6+ 56. Rf6 Rc8 57. Ra6 Rb8 58. g5 Rc8 59. Re6 Rb8 60. h7+ Kh8 61. Kf7 Rb7+ 62. Re7 Rb6 63. Re6 Rb7+ 64. Kf6 Kxh7 65. Kf5 Kg7 66. Re4 Rb5+ 67. Kg4 Rb7 68. Kh5 Ra7 69. Kg4 1/2-1/2

[Event "HUN-chT2 Maroczy 1011"]
[Site "Hungary"]
[Date "2010.09.26"]
[Round "2"]
[White "Papp, Abel"]
[Black "Cselenyi, Balazs"]
[Result "1/2-1/2"]
[WhiteElo "2185"]
[BlackElo "2210"]
[PlyCount "61"]
[EventDate "2010.09.12"]
[EventType "team-tourn"]
[EventRounds "11"]
[EventCountry "HUN"]
[SourceTitle "EXT 2012"]
[Source "ChessBase"]
[SourceDate "2011.11.24"]
[SourceVersion "1"]
[SourceVersionDate "2011.11.24"]
[SourceQuality "1"]
[WhiteTeam "Miskolc EMSE"]
[BlackTeam "Debrecen SBE"]
[WhiteTeamCountry "HUN"]
[BlackTeamCountry "HUN"]

1. e4 c5 2. Nf3 e6 3. d3 g6 4. g3 Bg7 5. Bg2 Nc6 6. c3 Nge7 7. Nbd2 d6 8. 0-0 0-0 9. Re1 Rb8 10. Nf1 e5 11. Be3 h6 12. d4 b6 13. d5 Na5 14. N3d2 f5 15. f4 exf4 16. gxf4 fxe4 17. Bxe4 Bf5 18. Qf3 Qd7 19. Ng3 Bxe4 20. Qxe4 Rbe8 21. Qd3 Qb7 22. c4 Bxb2 23. Rab1 Bg7 24. Nf3 Qd7 25. Bd2 Nb7 26. Nh4 Qg4 27. Rxe7 Rxe7 28. Nxg6 Rfe8 29. Nxe7+ Rxe7 30. Kg2 Bd4 31. Qf3 1/2-1/2

[Event "HUN-chT2 Barcza 0910"]
[Site "Hungary"]
[Date "2010.04.18"]
[Round "10.1"]
[White "Hegedus, Rafael"]
[Black "Cselenyi, Balazs"]
[Result "1-0"]
[WhiteElo "2095"]
[BlackElo "2245"]
[PlyCount "61"]
[EventDate "2009.11.08"]
[EventType "team-tourn"]
[EventRounds "11"]
[EventCountry "HUN"]
[SourceTitle "EXT 2011"]
[Source "ChessBase"]
[SourceDate "2010.11.26"]
[SourceVersion "1"]
[SourceVersionDate "2010.11.26"]
[SourceQuality "1"]
[WhiteTeam "Mezokovesd"]
[BlackTeam "Debrecen Sakkbaratok"]
[WhiteTeamCountry "HUN"]
[BlackTeamCountry "HUN"]

1. e4 c5 2. Nf3 a6 3. d4 cxd4 4. Nxd4 Nf6 5. Nc3 e5 6. Nf3 Bb4 7. Bd2 0-0 8. Bd3 Nc6 9. a3 Bc5 10. 0-0 d6 11. Bg5 h6 12. Bh4 Be6 13. Nd2 Rc8 14. Kh1 g5 15. Bg3 Kg7 16. Nb3 Ba7 17. h4 Ng4 18. Be2 h5 19. hxg5 Qxg5 20. Qd2 Qe7 21. Nd5 Bxd5 22. exd5 Nd4 23. Nxd4 Bxd4 24. c3 Ba7 25. f4 Be3 26. Qe1 exf4 27. Bxf4 Rce8 28. Bxe3 Qxe3 29. Bf3 Nf2+ 30. Qxf2 Qg5 31. Rae1 1-0